• 首页
  • 本馆介绍
  • 公告通知
  • 最新文献
  • 馆藏检索
  • 电子资源
  • 读者导购
  • 参考咨询
  • 我的图书馆
  • 登录
  • 详细信息显示
  • 放入我的书架
  • 预约/预借图书
  • 作者相关作品
  • 分类相关作品
  • 丛书相关作品
  • 出版社相关作品

书目信息

  • 表格格式
  • 工作单格式
  • 卡片格式
题名:
青年科学家
    
 
作者: ;《青年科学家》编委会 编
分册: 2  
出版信息: 北京   中国青年出版社  1983
页数: 48页
开本: 26cm
丛书名:
单 册:
中图分类: N55
科图分类:
主题词: 自然科学--连续出版物 , 自然科学--斯刊
电子资源:
ISBN:
000 00605nam0 2200193 45
001 0312221749
005 20060529082153.59
010    @dCNY0.26
100    @a20031222d1983 km y0chiy0120 ea
101    @achi
200 1  @a青年科学家@Aqing nian ke xue jia@h2@f《青年科学家》编委会编@F《qing nian ke xue jia》bian wei hui bian
210    @a北京@c中国青年出版社@d1983
215    @a48页@d26cm
606 0  @a自然科学@x连续出版物
606 0  @a自然科学@x斯刊
690    @aN55@v4
711  0 @a《青年科学家》编委会@A《qing nian ke xue jia》bian wei hui@4编
801    @aCN@bTSTCL@c20060529
905    @a213230@dN55@e2/83
    
    青年科学家.2/《青年科学家》编委会编.-北京:中国青年出版社,1983
    48页;26cm
    
    
    ISBN :CNY0.26
    
●
相关链接 在E读中查询图书 在五车中查询图书 在当当中查询图书 在豆瓣中查询图书


正题名:青年科学家     索取号:N55/2/83         预约/预借

序号 登录号 条形码 馆藏地/架位号 状态 备注
1 0107631   202387434   密集书库/ [索取号:N55/2/83] 在馆    
2 0107632   202376366   密集书库/ [索取号:N55/2/83] 在馆    
3 0107633   202376419   密集书库/ [索取号:N55/2/83] 在馆    
4 0107634   202376400   密集书库/ [索取号:N55/2/83] 在馆    
5 0107635   202387381   密集书库/ [索取号:N55/2/83] 在馆    
唐山师范学院图书馆 欢迎您!
大连网信软件有限公司© 版权所有